| 000 | 00428nam a2200169Ia 4500 | ||
|---|---|---|---|
| 999 |
_c35569 _d35569 |
||
| 003 | 0100 | ||
| 005 | 20170504121417.0 | ||
| 008 | 130303s9999 xx 000 0 und d | ||
| 040 | _cARRUPELIB | ||
| 050 | _aDT107.83.A5933 1968 | ||
| 100 |
_aMalek, Anouar Abdel _930561 |
||
| 245 | _aEgypt, Military society | ||
| 245 | _bThe Army Regime, the Left, and Social Change under Nassar | ||
| 260 |
_bRandom House _aNY _c1968 |
||
| 300 | _a457p | ||
| 650 |
_aEgypt _98438 _xHistory |
||
| 942 |
_2lcc _cMONOGRAPH |
||